SIP: understanding the session initiation protocol (Record no. 648)

MARC details
000 -LEADER
fixed length control field 00724 a2200193 4500
001 - CONTROL NUMBER
control field 066608
003 - CONTROL NUMBER IDENTIFIER
control field OSt
005 - DATE AND TIME OF LATEST TRANSACTION
control field 20211004151935.0
008 - FIXED-LENGTH DATA ELEMENTS--GENERAL INFORMATION
fixed length control field
082 ## - DEWEY DECIMAL CLASSIFICATION NUMBER
Classification number 620.50289
Item number J64S
100 1# - MAIN ENTRY--PERSONAL NAME
Personal name Johnston, Alan B.
245 1# - TITLE STATEMENT
Title SIP: understanding the session initiation protocol
Statement of responsibility, etc by Alan B. Johnston
250 ## - EDITION STATEMENT
Edition statement 3rd ed.
260 ## - PUBLICATION, DISTRIBUTION, ETC. (IMPRINT)
Place of publication, distribution, etc Boston
Name of publisher, distributor, etc Artech House
Date of publication, distribution, etc 2009
300 ## - PHYSICAL DESCRIPTION
Extent 395p.
630 ## - SUBJECT ADDED ENTRY--UNIFORM TITLE
Uniform title Computer Science
690 ## - LOCAL SUBJECT ADDED ENTRY--TOPICAL TERM (OCLC, RLIN)
Topical term or geographic name as entry element Computer network protocols; Multimedia systems--Computer programs; Instant messaging--Computer programs; Internet telephony--Computer programs; Session Initiation Protocol (Computer network protocol); Multimedia systems; Internet telephony
942 ## - ADDED ENTRY ELEMENTS (KOHA)
Source of classification or shelving scheme Dewey Decimal Classification
Koha item type Books
Holdings
Withdrawn status Lost status Source of classification or shelving scheme Damaged status Not for loan Collection code Home library Current library Date acquired Source of acquisition Cost, normal purchase price Full call number Barcode Date last seen Price effective from Koha item type
    Dewey Decimal Classification     General Text Book Central University Of Rajasthan Central University Of Rajasthan 07/03/2012 CSC 4125.00 620.50289 J64S 894 21/11/2024 02/09/2020 Books